Logo BPK

Biblioteka

Politechniki Koszalińskiej

Hofmannsthals Lustspiel "Der Unbestechliche" / (Rekord nr 50438)

Szczegóły MARC
000 -ETYKIETA REKORDU
podpole kontrolne o stałej długości 00655nam a2200193 i 4500
001 - NUMER KONTROLNY REKORDU
pole kontrolne bgj
040 ## - ŹRÓDŁO KATALOGOWANIA
Instytucja, która utworzyła rekord BPK
041 0# - KOD JĘZYKA
Kod języka tekstu ger
008 - POLE O STAŁEJ DŁUGOŚCI - DANE KONTROLNE
podpole kontrolne o stałej długości s gw f |000 0 ger
100 1# - NAZWA OSOBOWA
Nazwa osobowa ALTENHOFER, Norbert.
245 10 - TYTUŁ/ODPOWIEDZIALNOŚĆ
Tytuł Hofmannsthals Lustspiel "Der Unbestechliche" /
Pozostałe elementy strefy tytułu i oznaczenia odpowiedzialności von Norbert Altenhofer.
260 ## - STREFA ADRESU WYDAWNICZEGO
Miejsce wydania Berlin :
Nazwa wydawcy/dystrybutora Verlag Gehlen,
Data publikacji, dystrybucji/powstania dokumentu 1967
Miejsce wydania Zürich=
Nazwa wydawcy/dystrybutora Bad Homburg V. D. H.
300 ## - STREFA OPISU FIZYCZNEGO
Objętość 200 S. ;
Rozmiary 23 cm.
490 1# - STREFA SERII I DOKUMENTU WIELOCZĘŚCIOWEGO - FORMA NIE DO WYSZUKIWANIA
Tytuł i oznaczenie odpowiedzialności serii Frankfurter Beiträge zur Germanistik ;
Numeracja w obrębie serii Band 2
504 ## - UWAGA DOTYCZĄCA BIBLIOGRAFII
Informacje o bibliografii Bibliographie S. [194]-200.
600 19 - HASŁO PRZEDMIOTOWE W FORMIE NAZWY OSOBOWEJ
Nazwa osobowa Hofmannsthal, Hugo, von, 1874-1929. Der Unbestechliche
830 ## - HASŁO DODATKOWE SERII LUB DOKUMENTU WIELOCZĘŚCIOWEGO - TYTUŁ UJEDNOLICONY
Tytuł ujednolicony Frankfurter Beiträge zur Germanistik ;
856 ## - LOKALIZACJA I DOSTĘP DO ELEKTRONICZNYCH DOKUMENTÓW ZDALNYCH
Link (URL) http://koha.tu.koszalin.pl/cgi-bin/koha/opac-detail.pl?biblionumber=50438
Tekst linku Katalog online BPK
942 ## - DODATKOWE ELEMENTY (KOHA)
Typ dokumentu Książka
Egzemplarze
Wycofany Status egzemplarza Uszkodzony Dostępność Lokalizacja stała Lokalizacja bieżąca Miejsce przechowywania Sygnatura Kod kreskowy Typ dokumentu
      Tylko na miejscu Biblioteka Politechniki Koszalińskiej Biblioteka Politechniki Koszalińskiej Czytelnia Wydziałowa ul. Kwiatkowskiego 6e N 352 01580662 Książka
© 2023 Biblioteka Politechniki Koszalińskiej :: KOHA